| 000 | 00694 a2200217 4500 | ||
|---|---|---|---|
| 010 | _aENG-89781 | ||
| 020 |
_a8172762585 _c125.00 |
||
| 035 | _aEN-73314 | ||
| 037 | _bDBAD / PUB | ||
| 082 | 1 | 4 | _a181.4 |
| 090 |
_c11656 _d11656 |
||
| 100 | 1 | _aRathnam, P.V. | |
| 245 | 1 |
_aDivine light: _ba father's letters/ _cby P.V. Rathnam |
|
| 250 | _a2nd ed. | ||
| 260 |
_aMumbai : _bBharatiya Vidya Bhavan _c2007 |
||
| 270 |
_aKulapati K.M. Munshi Marg, _bMumbai _cMumbai _e400 007 |
||
| 300 |
_ax, 179p. _c22 cm (pbk) |
||
| 490 | _aBhavan's Book University | ||
| 942 |
_adpl _cEN _k181.4 / RAT |
||
| 999 |
_c11337 _d11337 |
||